| 000 | 00458cam a2200181 4500 | ||
|---|---|---|---|
| 001 | D4488 | ||
| 008 | 090401t1976 xxu||||| |||| 00| 0 eng d | ||
| 035 | _a(Sirsi) u3309 | ||
| 041 | _aeng | ||
| 050 | _a725.23 | ||
| 110 |
_aDirectorate of Building Development _91158 |
||
| 245 | _aOffice space: a primer for users and designers | ||
| 260 |
_aLondon _bHMSO _c1976 |
||
| 300 | _a103p. ill. plans. 30cm | ||
| 350 | _a10 | ||
| 942 | _n0 | ||
| 948 | _c04/03/1997 | ||
| 999 |
_c85869 _d85869 |
||